|
|
|
|
| LEADER |
00000cam a2200000 7i4500 |
| 001 |
0000003496 |
| 005 |
20240927.0 |
| 008 |
991203 -us eng |
| 020 |
|
|
|a 0882941291 (pbk)
|
| 040 |
|
|
|a INS
|b eng
|e rda
|
| 090 |
0 |
0 |
|a PE1450
|b .W279 1983
|
| 100 |
1 |
|
|a Warner, Michael D. ,
|e author
|
| 245 |
1 |
0 |
|a Rowe punctuation drills
|c by Michael D.Warner
|
| 264 |
|
1 |
|a United States :
|b The H.M.Rowe Co.
|c 1983
|
| 264 |
|
4 |
|c ©1983
|
| 300 |
|
|
|a 32 pages ;
|c 26 cm.
|
| 336 |
|
|
|a text
|2 rdacontent
|
| 337 |
|
|
|a unmediated
|2 rdamedia
|
| 338 |
|
|
|a volume
|2 rdacarrier
|
| 650 |
|
0 |
|a English language
|x Punctuation
|
| 999 |
|
|
|a 0000005097
|b BOOK
|c Open Shelf
|e Default branch
|